Statistics for Duck Tales Theme Song Lyrics

Click here to take the quiz!

General Stats

  • This quiz has been taken 72 times
  • The average score is 41 of 85

Answer Stats

Answer% Correct
is
97%
Life
97%
a
91%
hurricane
91%
in
91%
like
91%
Duckburg
88%
here
88%
a
79%
cars
79%
duck
79%
it's
79%
Race
79%
aeroplanes
76%
blur
76%
Duck tales
76%
history
76%
Or
76%
Woo-oo
76%
a
74%
lasers
74%
Might
74%
mystery
74%
re-write
74%
solve
74%
Ducktales
59%
Everyday
59%
making
59%
out
59%
they're
59%
there
56%
Woo-oo
56%
Tales
50%
good
47%
luck
47%
of
47%
tales
47%
and
44%
D-d-d-danger
41%
do
41%
Woo-oo
41%
bad
38%
behind
38%
you
38%
a
35%
find
35%
lurks
35%
out
35%
stranger
35%
There's
35%
to
35%
you
35%
derring
32%
do
32%
Ducktales
32%
grab
32%
on
32%
some
32%
to
32%
to
32%
What
32%
Woo-oo
32%
Woo-oo
32%
DuckTales
29%
just
29%
Ducktales
26%
Everyday
26%
making
26%
out
26%
there
26%
they're
26%
Woo-oo
26%
of
24%
Tales
24%
and
18%
derring
18%
good
18%
not
18%
tales
18%
bad
15%
no
15%
pony
15%
tales
15%
or
12%
cotton
9%

Score Distribution

Percentile by Number Answered

Percent of People with Each Score

Your Score History

You have not taken this quiz